[Event "Montreal Futurity qual."]
[Site "Montreal CAN"]
[Date "2002.01.12"]
[Round "2"]
[White "Katch, Gary"]
[Black "Lacroix, Serge"]
[Result "0-1"]
[WhiteElo "1595"]
[BlackElo "1942"]
[PlyCount "65"]
[EventDate "2002.01.12"]
[EventType "swiss"]
[EventRounds "5"]
[EventCountry "CAN"]

1. e4 e5 2. Nf3 Nc6 3. Bb5 a6 4. Bxc6 dxc6 5. O-O Bg4 6. d3 f6 7. Be3 Bd6 8.
Nbd2 Ne7 9. Qe1 O-O 10. h3 Bh5 11. Nh2 Qd7 12. Nc4 b5 13. Nxd6 cxd6 14. g4 Bg6
15. f4 exf4 16. Bxf4 d5 17. e5 c5 18. Qg3 d4 19. Rae1 Nd5 20. e6 Qc6 21. a3
Rfe8 22. e7 Rxe7 23. Qg2 Rae8 24. Bd2 Rxe1 25. Rxe1 Rxe1+ 26. Bxe1 Qe6 27. Bf2
h6 28. Nf3 Be8 29. Nh4 Bc6 30. Nf5 Kh7 31. Ng3 Kg8 32. Nh5 Qd6 33. Ng3 0-1

[Event "FIDE Qualification"]
[Site "Montreal CAN"]
[Date "2002.01.11"]
[Round "1"]
[White "Lacroix, Serge"]
[Black "Gravel, Simon M"]
[Result "0-1"]
[WhiteElo "1942"]
[BlackElo "2233"]
[PlyCount "118"]
[EventDate "2002.01.11"]
[EventType "swiss"]
[EventRounds "5"]
[EventCountry "CAN"]

1. e4 e5 2. Nf3 Nc6 3. Bb5 a6 4. Ba4 Nf6 5. O-O Nxe4 6. d4 b5 7. Bb3 d5 8. dxe5
Be6 9. c3 Bc5 10. Nbd2 O-O 11. Bc2 Bf5 12. Nxe4 Bxe4 13. Ng5 Nxe5 14. Bxe4 dxe4
15. Qxd8 Raxd8 16. Nxe4 Bb6 17. Be3 Bxe3 18. fxe3 Nc4 19. Nc5 Rd2 20. Rf2 Rfd8
21. Rxd2 Rxd2 22. Nxa6 f5 23. Nxc7 Nxe3 24. g3 Rg2+ 25. Kh1 Rxb2 26. Re1 Ng4
27. h4 Nf2+ 28. Kg1 Ne4 29. g4 Nxc3 30. gxf5 Rxa2 31. Re7 Ne2+ 32. Kh2 Nd4+ 33.
Kh3 Nxf5 34. Re5 Ra3+ 35. Kg4 Nh6+ 36. Kh5 b4 37. Rb5 b3 38. Ne6 Nf5 39. Rb8+
Kf7 40. Ng5+ Ke7 41. Nxh7 Nd4 42. Rb7+ Kd6 43. Ng5 Kc6 44. Rb4 Kc5 45. Rb7 Nb5
46. Ne4+ Kc6 47. Rxg7 b2 48. Nd2 Rd3 49. Rg6+ Kc5 50. Nb1 Rd1 51. Rg2 Rxb1 52.
Kg6 Kb4 53. h5 Kb3 54. h6 Rh1 55. Rxb2+ Kxb2 56. h7 Nd6 57. Kg7 Ne8+ 58. Kg8
Nf6+ 59. Kg7 Rxh7+ 0-1

[Event "Bonne annee"]
[Site "Levis CAN"]
[Date "2002.01.04"]
[Round "1"]
[White "Bender, Karl"]
[Black "Lacroix, Serge"]
[Result "0-1"]
[WhiteElo "1569"]
[BlackElo "1922"]
[PlyCount "66"]
[EventDate "2002.01.04"]
[EventType "swiss"]
[EventRounds "5"]
[EventCountry "CAN"]

1. d4 Nf6 2. c4 e6 3. Nf3 Bb4+ 4. Bd2 Qe7 5. Nc3 O-O 6. Qc2 d5 7. e3 c5 8. a3
Bxc3 9. Bxc3 b6 10. dxc5 bxc5 11. Bd3 Nbd7 12. O-O Bb7 13. Bxf6 Nxf6 14. cxd5
exd5 15. Be2 Rac8 16. b3 Rfd8 17. Qb2 a5 18. Qe5 Qxe5 19. Nxe5 Ne4 20. Bg4 Rc7
21. Rfd1 f6 22. Nc4 a4 23. bxa4 Nc3 24. Rd2 Nxa4 25. Na5 Kf7 26. Rb1 Ba6 27.
Rc1 c4 28. Bd1 Nb6 29. Rd4 f5 30. Rb1 Rd6 31. Bf3 Rc5 32. e4 Rxa5 33. e5 Rc6
0-1

[Event "Bonne annee"]
[Site "Levis CAN"]
[Date "2002.01.05"]
[Round "2"]
[White "Lacroix, Serge"]
[Black "Masse, Hugues"]
[Result "1/2-1/2"]
[WhiteElo "1922"]
[BlackElo "2118"]
[PlyCount "98"]
[EventDate "2002.01.04"]
[EventType "swiss"]
[EventRounds "5"]
[EventCountry "CAN"]

1. e4 e5 2. Nf3 Nc6 3. Bb5 a6 4. Ba4 Nf6 5. O-O Nxe4 6. d4 b5 7. Bb3 d5 8. dxe5
Be6 9. c3 Bc5 10. Nbd2 O-O 11. Nxe4 dxe4 12. Qxd8 Rfxd8 13. Ng5 Bxb3 14. axb3
Nxe5 15. Nxe4 Bb6 16. Be3 Bxe3 17. fxe3 Nd3 18. Ra2 Re8 19. Rd1 Rxe4 20. Rxd3
Kf8 21. b4 Ke7 22. Kf2 Re6 23. Ra1 Rd8 24. Rxd8 Kxd8 25. Rd1+ Ke7 26. Rd4 Re5
27. Kf3 Rf5+ 28. Ke2 c5 29. bxc5 Rxc5 30. Re4+ Kd7 31. Rd4+ Ke7 32. Re4+ Kd7
33. Rd4+ Ke6 34. Rd8 Rd5 35. Rg8 Kf6 36. Ra8 Rd6 37. Ra7 Ke6 38. e4 h5 39. h4
g6 40. Ke3 f5 41. Kf4 fxe4 42. Kxe4 Rc6 43. g3 Rc4+ 44. Kf3 Ra4 45. Rg7 Kf6 46.
Rc7 Ra2 47. Rc6+ Kf5 48. Rc5+ Kf6 49. Rc6+ Kf5 1/2-1/2

[Event "Bonne annee"]
[Site "Levis CAN"]
[Date "2002.01.06"]
[Round "4"]
[White "Lacroix, Serge"]
[Black "Gaspariants, Vladimir"]
[Result "1/2-1/2"]
[WhiteElo "1922"]
[BlackElo "2229"]
[PlyCount "81"]
[EventDate "2002.01.04"]
[EventType "swiss"]
[EventRounds "5"]
[EventCountry "CAN"]

1. e4 g6 2. d4 Bg7 3. f4 c6 4. Nf3 d5 5. e5 h5 6. c4 e6 7. Nc3 Nh6 8. Bd2 Bf8
9. c5 b6 10. b4 bxc5 11. bxc5 Ba6 12. Bxa6 Nxa6 13. Qa4 Qc8 14. Rb1 Be7 15. O-O
O-O 16. Rb2 Rd8 17. Rfb1 Rd7 18. Nd1 Nf5 19. Ne3 Nxe3 20. Bxe3 Rb8 21. Bf2 Rc7
22. Bh4 Rxb2 23. Rxb2 Bxh4 24. Nxh4 Nb8 25. Nf3 Rb7 26. Rxb7 Qxb7 27. Qb3 Qc8
28. Qa4 Qb7 29. Qb3 Qc7 30. Qa4 Kf8 31. h3 Ke7 32. g4 hxg4 33. hxg4 Nd7 34. Kg2
Qb7 35. Kg3 Nb8 36. f5 gxf5 37. gxf5 f6 38. fxe6 Kxe6 39. exf6 Nd7 40. f7 Kxf7
41. Qc2 1/2-1/2

[Event "Pere Noel"]
[Site "Montreal CAN"]
[Date "2001.12.28"]
[Round "3"]
[White "Lacroix, Serge"]
[Black "Touboul, Bertrand"]
[Result "1/2-1/2"]
[WhiteElo "2000"]
[BlackElo "1454"]
[PlyCount "53"]
[EventDate "2001.12.26"]
[EventType "swiss"]
[EventRounds "5"]
[EventCountry "CAN"]

1. e4 d6 2. d4 Nf6 3. Nc3 g6 4. f4 Bg7 5. Nf3 O-O 6. Bd3 Nc6 7. O-O Bg4 8. Be3
e5 9. fxe5 dxe5 10. d5 Nd4 11. Ne2 Bxf3 12. gxf3 c6 13. dxc6 Nxc6 14. c3 Qe7
15. b4 Rfd8 16. Qc2 Rac8 17. a3 b6 18. Ba6 Rc7 19. Rad1 Nh5 20. Bb5 Nd4 21.
Bxd4 exd4 22. Qd3 Qg5+ 23. Kh1 Nf4 24. Nxf4 Qxf4 25. c4 Re7 26. Qd2 Qh4 27. Qf2
1/2-1/2

[Event "Pere Noel U2000"]
[Site "Montreal CAN"]
[Date "2001.12.26"]
[Round "1"]
[White "Lacroix, Serge"]
[Black "Gilbert, Erick"]
[Result "1-0"]
[WhiteElo "2000"]
[BlackElo "1841"]
[PlyCount "46"]
[EventDate "2001.12.26"]
[EventType "swiss"]
[EventRounds "5"]
[EventCountry "CAN"]

1. e4 d6 2. d4 Nf6 3. Nc3 g6 4. f4 Bg7 5. Nf3 O-O 6. Bd3 c5 7. d5 a6 8. a4 b6
9. O-O Qc7 10. Qe2 e6 11. dxe6 fxe6 12. Bc4 Qf7 13. Rd1 Ne8 14. Ng5 Qe7 15. f5
Bd4+ 16. Rxd4 cxd4 17. Nxe6 dxc3 18. Nxf8+ Kxf8 19. Bh6+ Ng7 20. f6 Qxf6 21.
Rf1 Bf5 22. exf5 g5 23. Qe6 Nd7 1-0

[Event "Pere Noel U2000"]
[Site "Montreal CAN"]
[Date "2001.12.27"]
[Round "2"]
[White "Clyde, Jordan"]
[Black "Lacroix, Serge"]
[Result "1/2-1/2"]
[WhiteElo "1790"]
[BlackElo "2000"]
[PlyCount "70"]
[EventDate "2001.12.26"]
[EventType "swiss"]
[EventRounds "5"]
[EventCountry "CAN"]

1. Nf3 Nf6 2. b3 g6 3. Bb2 Bg7 4. g3 O-O 5. Bg2 d5 6. d3 c5 7. Nbd2 Nc6 8. O-O
Qc7 9. Re1 e5 10. e4 d4 11. Kh1 Be6 12. Ng1 b5 13. a4 a6 14. h3 Na5 15. Bf1 Bh6
16. Bc1 Bg7 17. Bb2 Rfc8 18. axb5 axb5 19. Qf3 c4 20. dxc4 bxc4 21. Nxc4 Nxc4
22. Bxc4 Bxc4 23. Rxa8 Rxa8 24. bxc4 Qxc4 25. Qd3 Qb4 26. Ra1 Rxa1 27. Bxa1 Qe1
28. Bb2 Nxe4 29. Qb3 Nxf2+ 30. Kg2 Ne4 31. Qf3 f5 32. Qb3+ Kf8 33. Ba3+ Ke8 34.
Qb8+ Kd7 35. Qb7+ Kd8 1/2-1/2

[Event "Quebec-ch classe U2000"]
[Site "Shawinigan CAN"]
[Date "2001.11.16"]
[Round "1"]
[White "Simard, Francois"]
[Black "Lacroix, Serge"]
[Result "0-1"]
[WhiteElo "1851"]
[BlackElo "1966"]
[Annotator "Incomplete"]
[PlyCount "42"]
[EventDate "2001.11.16"]
[EventType "swiss"]
[EventRounds "5"]
[EventCountry "CAN"]

1. d4 Nf6 2. Nf3 e6 3. c4 Bb4+ 4. Nc3 O-O 5. Bg5 d5 6. e3 c6 7. Qc2 Nbd7 8. Bd3
h6 9. h4 Qe7 10. Ne5 dxc4 11. Bxc4 c5 12. Nf3 a6 13. Ke2 b5 14. Bd3 Bb7 15.
Bh7+ Kh8 16. Be4 Ra7 17. Bxb7 Bxc3 18. Bc6 Ba5 19. Bxd7 Rxd7 20. Ne5 Rc7 21.
dxc5 Rxc5 {etc.} 0-1

[Event "Quebec-ch classe U2000"]
[Site "Shawinigan CAN"]
[Date "2001.11.17"]
[Round "2"]
[White "Lacroix, Serge"]
[Black "Loranger, Stephane"]
[Result "1-0"]
[WhiteElo "1966"]
[BlackElo "1881"]
[PlyCount "54"]
[EventDate "2001.11.16"]
[EventType "swiss"]
[EventRounds "5"]
[EventCountry "CAN"]

1. e4 g6 2. d4 Bg7 3. f4 d6 4. Nc3 a6 5. Be3 Nd7 6. Nf3 b5 7. e5 Nb6 8. Bd3 Nh6
9. O-O Nf5 10. Bf2 b4 11. Ne4 Nd5 12. Qd2 h5 13. c4 bxc3 14. bxc3 a5 15. a3 Nb6
16. Nfg5 e6 17. h3 Ba6 18. Bxa6 Rxa6 19. Qe2 Qa8 20. exd6 cxd6 21. Nxf7 Kxf7
22. Ng5+ Kf8 23. Nxe6+ Kg8 24. Nc7 Qc8 25. Nxa6 Nc4 26. Nc5 dxc5 27. Qxc4+ Kh7
1-0

[Event "Quebec-ch classe U2000"]
[Site "Shawinigan CAN"]
[Date "2001.11.17"]
[Round "3"]
[White "Corriveau, Philippe"]
[Black "Lacroix, Serge"]
[Result "1-0"]
[WhiteElo "1817"]
[BlackElo "1966"]
[PlyCount "51"]
[EventDate "2001.11.16"]
[EventType "swiss"]
[EventRounds "5"]
[EventCountry "CAN"]

1. e4 e5 2. f4 exf4 3. Nf3 Be7 4. Nc3 Nf6 5. d4 d5 6. e5 Ne4 7. Bxf4 Bg4 8. Qd3
Bxf3 9. Qxf3 Bb4 10. Bb5+ c6 11. Be2 Qa5 12. O-O Bxc3 13. bxc3 Qxc3 14. Be3 O-O
15. Bd3 Na6 16. Rab1 b5 17. Rb3 Qa5 18. Bxe4 dxe4 19. Qxe4 Rae8 20. Qxc6 Re6
21. Qe4 b4 22. d5 Rg6 23. e6 Nc5 24. exf7+ Kh8 25. Qe8 Ne6 26. dxe6 1-0

[Event "Quebec-ch classe U2000"]
[Site "Shawinigan CAN"]
[Date "2001.11.18"]
[Round "4"]
[White "Lacroix, Serge"]
[Black "Lalonde, Jean-Louis"]
[Result "1-0"]
[WhiteElo "1966"]
[BlackElo "1848"]
[PlyCount "87"]
[EventDate "2001.11.16"]
[EventType "swiss"]
[EventRounds "5"]
[EventCountry "CAN"]

1. e4 c5 2. Nf3 Nc6 3. d4 cxd4 4. Nxd4 Nf6 5. Nc3 e5 6. Ndb5 d6 7. Bg5 a6 8.
Bxf6 gxf6 9. Na3 b5 10. Nd5 f5 11. exf5 Bxf5 12. c3 Be6 13. Nc2 Bxd5 14. Qxd5
Ne7 15. Qf3 Bg7 16. Ne3 O-O 17. Bd3 d5 18. Bf5 d4 19. Qh5 Ng6 20. Rd1 Qb6 21.
Ng4 dxc3 22. bxc3 e4 23. O-O Rad8 24. Bxe4 Qe6 25. Bf5 Qxa2 26. Ra1 Qd2 27.
Rxa6 Rd5 28. Ne3 Re5 29. g3 Qxc3 30. Qf3 Ne7 31. g4 Ng6 32. Rb1 b4 33. Rb6 Bh6
34. R6xb4 Kh8 35. R4b3 Qc5 36. Rb4 Qc3 37. Rb8 Rxb8 38. Rxb8+ Kg7 39. Bxg6 Qe1+
40. Kg2 hxg6 41. Rb7 Bxe3 42. Qxf7+ Kh6 43. Qg7+ Kg5 44. Qxe5+ 1-0

[Event "Quebec-ch classe U2000"]
[Site "Shawinigan CAN"]
[Date "2001.11.18"]
[Round "5"]
[White "Lacroix, Serge"]
[Black "Trinh, Tri Bao"]
[Result "1-0"]
[WhiteElo "1966"]
[BlackElo "1984"]
[PlyCount "59"]
[EventDate "2001.11.16"]
[EventType "swiss"]
[EventRounds "5"]
[EventCountry "CAN"]

1. e4 e6 2. d4 d5 3. Nc3 dxe4 4. Nxe4 Nd7 5. Nf3 Ngf6 6. Bd3 Nxe4 7. Bxe4 Nf6
8. Bd3 c5 9. O-O cxd4 10. Nxd4 Be7 11. Bf4 O-O 12. c3 Qb6 13. Qc2 Bd7 14. Rfe1
Rfd8 15. a4 Rac8 16. a5 Qxd4 17. cxd4 Rxc2 18. Bxc2 Bc6 19. Be5 a6 20. f3 Nd5
21. Ba4 Nb4 22. Bxc6 Nxc6 23. Red1 f6 24. Bc7 Rxd4 25. Rxd4 Nxd4 26. Bb6 Bc5
27. Bxc5 Nb3 28. Rd1 Nxc5 29. Rd8+ Kf7 30. b4 1-0

[Event "Estival"]
[Site "Beloeil CAN"]
[Date "2001.06.01"]
[Round "2"]
[White "Boulay, David"]
[Black "Lacroix, Serge"]
[Result "1-0"]
[WhiteElo "2122"]
[BlackElo "1991"]
[Annotator "Incomplete"]
[PlyCount "58"]
[EventDate "2001.10.04"]
[EventType "swiss"]
[EventRounds "5"]
[EventCountry "CAN"]

1. e4 e5 2. Nf3 Nc6 3. Bb5 a6 4. Ba4 Nf6 5. O-O Be7 6. Re1 b5 7. Bb3 d6 8. c3
O-O 9. h3 Nd7 10. d4 Nb6 11. Nbd2 exd4 12. cxd4 d5 13. Bc2 Be6 14. Qe2 Qd7 15.
b3 dxe4 16. Nxe4 Nd5 17. Ng3 Rfe8 18. a3 Rad8 19. Bb2 g6 20. Ne5 Nxe5 21. dxe5
Nf4 22. Qe4 Nd5 23. Rad1 c5 24. Kh2 Bg5 25. Qf3 Bf4 26. Kh1 Bxg3 27. Qxg3 Qc7
28. h4 Ne7 29. Rd6 Bf5 {etc.} 1-0

[Event "Estival"]
[Site "Beloeil CAN"]
[Date "2001.10.05"]
[Round "3"]
[White "Lacroix, Serge"]
[Black "Neacsu, Catalin"]
[Result "1-0"]
[WhiteElo "1991"]
[BlackElo "1929"]
[PlyCount "53"]
[EventDate "2001.10.04"]
[EventType "swiss"]
[EventRounds "5"]
[EventCountry "CAN"]

1. e4 c5 2. Nf3 d6 3. d4 cxd4 4. Nxd4 Nf6 5. Nc3 a6 6. Bg5 e6 7. f4 b5 8. e5
dxe5 9. fxe5 Qc7 10. Bxf6 gxf6 11. exf6 Qe5+ 12. Be2 Bb7 13. Qd3 b4 14. Nf3
Qxf6 15. Ne4 Bxe4 16. Qxe4 Ra7 17. O-O Bc5+ 18. Kh1 Nd7 19. Rad1 Qe7 20. Ne5 f5
21. Bh5+ Kf8 22. Nxd7+ Rxd7 23. Rxf5+ exf5 24. Qxf5+ Kg7 25. Qxd7 Qxd7 26.
Rxd7+ Kh6 27. Rd5 1-0

[Event "Plateau 2"]
[Site "Montreal CAN"]
[Date "2001.09.22"]
[Round "1"]
[White "Voskanyan, Vahagn"]
[Black "Lacroix, Serge"]
[Result "1-0"]
[WhiteElo "2353"]
[BlackElo "1963"]
[PlyCount "56"]
[EventDate "2001.09.22"]
[EventType "swiss"]
[EventRounds "4"]
[EventCountry "CAN"]

1. c4 Nf6 2. Nf3 e6 3. g3 b6 4. Bg2 Bb7 5. O-O Be7 6. b3 O-O 7. Bb2 c5 8. Nc3
d5 9. cxd5 exd5 10. d4 Re8 11. Rc1 Nbd7 12. e3 Rc8 13. Qe2 Ne4 14. Rfd1 Nxc3
15. Bxc3 Bf6 16. Qb2 Qe7 17. Qa3 Bc6 18. dxc5 bxc5 19. Qxa7 Ra8 20. Qc7 Rec8
21. Qf4 Rxa2 22. Bh3 Bxc3 23. Rxc3 d4 24. exd4 Qe2 25. Rf1 Qb2 26. Re3 Rca8 27.
Ng5 Nf6 28. dxc5 Ra1 1-0

[Event "Plateau 2"]
[Site "Montreal CAN"]
[Date "2001.09.23"]
[Round "3"]
[White "Lacroix, Serge"]
[Black "Tessier, Olivier"]
[Result "0-1"]
[WhiteElo "1963"]
[BlackElo "2190"]
[PlyCount "127"]
[EventDate "2001.09.22"]
[EventType "swiss"]
[EventRounds "4"]
[EventCountry "CAN"]

1. e4 c5 2. Nf3 Nf6 3. Nc3 Nc6 4. d4 cxd4 5. Nxd4 Qc7 6. Bg5 a6 7. Qd2 Nxe4 8.
Nxe4 Qe5 9. O-O-O Qxe4 10. Nxc6 Qxc6 11. Bd3 d6 12. Rhe1 Be6 13. Be4 Qb5 14.
Bd5 Qxd5 15. Qxd5 Bxd5 16. Rxd5 e6 17. Rd3 Be7 18. Bxe7 Kxe7 19. Rb3 b5 20. a4
Rhc8 21. Re4 Rc5 22. Rh4 h5 23. Rhb4 Rac8 24. c3 Rf5 25. axb5 axb5 26. f4 Rcc5
27. Kd2 Kd7 28. Ke3 Kc6 29. g3 e5 30. Ra3 exf4+ 31. gxf4 Rc4 32. Ra6+ Kd7 33.
Rxc4 bxc4 34. Rb6 g5 35. fxg5 Rxg5 36. Kd4 Rg2 37. h4 Kc7 38. Ra6 Rxb2 39. Kxc4
Rf2 40. Ra7+ Kc6 41. Ra6+ Kd7 42. Kd5 Rf5+ 43. Ke4 Rc5 44. Kd4 Ke6 45. Rb6 Re5
46. Rb8 Rf5 47. Re8+ Kd7 48. Re4 Kc6 49. c4 Rf3 50. Re7 Rf4+ 51. Kd3 f6 52. Rf7
f5 53. Rf8 Kd7 54. Ke3 Rxc4 55. Rxf5 Rxh4 56. Kf3 Ke6 57. Ra5 d5 58. Ra8 Ke5
59. Re8+ Kd4 60. Kg3 Re4 61. Rd8 Kc4 62. Kf3 h4 63. Rc8+ Kd3 64. Ra8 0-1

[Event "Plateau 2"]
[Site "Montreal CAN"]
[Date "2001.09.23"]
[Round "4"]
[White "Gauthier, Denis"]
[Black "Lacroix, Serge"]
[Result "1/2-1/2"]
[WhiteElo "1932"]
[BlackElo "1997"]
[Annotator "Incomplete"]
[PlyCount "74"]
[EventDate "2001.09.22"]
[EventType "swiss"]
[EventRounds "4"]
[EventCountry "CAN"]

1. d4 Nf6 2. c4 e6 3. Nf3 b6 4. a3 Bb7 5. Nc3 Be7 6. d5 d6 7. e4 e5 8. Bd3 Nbd7
9. O-O O-O 10. b4 a5 11. Rb1 axb4 12. axb4 g6 13. h3 Nh5 14. Bh6 Ng7 15. g4 c6
16. Qb3 cxd5 17. Nxd5 Bxd5 18. cxd5 Qb8 19. Bb5 Ra7 20. Ra1 f5 21. gxf5 gxf5
22. Ng5 Bxg5 23. Bxg5 fxe4 24. Qg3 Kh8 25. Qg4 Nf6 26. Qh4 Raf7 27. Bc6 Nf5 28.
Bxf6+ Rxf6 29. Qxe4 Nd4 30. Ra8 Qc7 31. Rfa1 Qg7+ 32. Kh1 Rxf2 33. Qg4 Qxg4 34.
hxg4 Kg7 35. R8a7+ R8f7 36. Rxf7+ Kxf7 37. Kg1 Rf4 {etc.} 1/2-1/2

[Event "Montreal op"]
[Site "Montreal CAN"]
[Date "2001.09.01"]
[Round "1"]
[White "Voskanyan, Vahagn"]
[Black "Lacroix, Serge"]
[Result "1-0"]
[WhiteElo "2353"]
[BlackElo "1963"]
[PlyCount "59"]
[EventDate "2001.09.01"]
[EventType "swiss"]
[EventRounds "6"]
[EventCountry "CAN"]

1. e4 e5 2. Nf3 Nc6 3. Nc3 Nf6 4. d4 exd4 5. Nxd4 Bb4 6. Nxc6 Bxc3+ 7. bxc3
bxc6 8. Bd3 d6 9. O-O O-O 10. Bg5 h6 11. Bh4 g5 12. Bg3 Bg4 13. f3 Bh5 14. e5
Nd5 15. Qd2 f5 16. c4 f4 17. Bf2 Ne7 18. Rfe1 d5 19. Bc5 dxc4 20. Bxc4+ Nd5 21.
Bxf8 Qxf8 22. Bxd5+ cxd5 23. Qxd5+ Kg7 24. Red1 Bf7 25. e6 Bg6 26. Qe5+ Kg8 27.
e7 Qe8 28. Qxc7 Rc8 29. Qxc8 Qxc8 30. Rd8+ 1-0

[Event "Montreal op"]
[Site "Montreal CAN"]
[Date "2001.09.02"]
[Round "4"]
[White "Lacroix, Serge"]
[Black "Sullivan, Neil"]
[Result "0-1"]
[WhiteElo "1963"]
[BlackElo "2152"]
[PlyCount "60"]
[EventDate "2001.09.01"]
[EventType "swiss"]
[EventRounds "6"]
[EventCountry "CAN"]

1. e4 c5 2. Nf3 Nc6 3. d4 cxd4 4. Nxd4 g6 5. Nc3 Bg7 6. Be3 Nf6 7. Bc4 O-O 8.
f3 Qb6 9. Ncb5 a6 10. Nf5 Qd8 11. Nbd4 gxf5 12. Nxf5 d5 13. Nxg7 dxc4 14. Bh6
Qa5+ 15. c3 Rd8 16. Qe2 Nh5 17. Nxh5 Qxh5 18. Be3 Be6 19. g4 Qg6 20. h4 Ne5 21.
h5 Qf6 22. O-O Nd3 23. Bd4 Qh4 24. Qe3 Qg3+ 25. Kh1 f6 26. b3 Qh4+ 27. Kg2 Qg5
28. b4 Nf4+ 29. Kf2 Qh4+ 30. Kg1 Qg3+ 0-1

[Event "Montreal op"]
[Site "Montreal CAN"]
[Date "2001.09.03"]
[Round "5"]
[White "Laurain, Guy"]
[Black "Lacroix, Serge"]
[Result "1/2-1/2"]
[WhiteElo "2144"]
[BlackElo "1963"]
[PlyCount "89"]
[EventDate "2001.09.01"]
[EventType "swiss"]
[EventRounds "6"]
[EventCountry "CAN"]

1. d4 Nf6 2. c4 e6 3. Nc3 Bb4 4. Nf3 c5 5. e3 Nc6 6. Bd3 O-O 7. O-O cxd4 8.
exd4 d5 9. Bg5 dxc4 10. Bxc4 Be7 11. Re1 h6 12. Bf4 Nb4 13. Be5 Nbd5 14. Qd3 a6
15. Bb3 b5 16. Nxd5 Nxd5 17. Qe4 Bb7 18. Rac1 Rc8 19. Qg4 Nf6 20. Qg3 Qd7 21.
Nd2 Rxc1 22. Rxc1 Rc8 23. Rd1 Bd5 24. Nf1 Bxb3 25. axb3 Rc2 26. d5 exd5 27. Ne3
Rc5 28. b4 Rc6 29. h3 g6 30. Bxf6 Bxf6 31. Rxd5 Rc1+ 32. Kh2 Qe6 33. Ng4 Bg7
34. Qd3 Qe1 35. Rd8+ Kh7 36. Qd6 Qe6 37. f4 Rc6 38. Qb8 Rc2 39. Nxh6 Rxg2+ 40.
Kxg2 Qe2+ 41. Kg3 Qe3+ 42. Kg4 Qe2+ 43. Kg3 Qe3+ 44. Kg4 Qe2+ 45. Kg3 1/2-1/2

[Event "Quebec op U2000"]
[Site "Montreal CAN"]
[Date "2001.07.21"]
[Round "1"]
[White "Airapetyan, David"]
[Black "Lacroix, Serge"]
[Result "1-0"]
[WhiteElo "1849"]
[BlackElo "1982"]
[PlyCount "55"]
[EventDate "2001.07.21"]
[EventType "swiss"]
[EventRounds "9"]
[EventCountry "CAN"]

1. d4 Nf6 2. e3 e6 3. f4 c5 4. Bd3 Nc6 5. Nf3 d5 6. c3 Be7 7. Nbd2 O-O 8. O-O
cxd4 9. exd4 b6 10. Ne5 Qc7 11. g4 Bb7 12. g5 Nxe5 13. fxe5 Ne4 14. Qg4 Bxg5
15. Nxe4 Bxc1 16. Nf6+ Kh8 17. Nxh7 Be3+ 18. Kh1 Ba6 19. Bxa6 Kxh7 20. Bd3+ Kh8
21. Qh3+ Bh6 22. Rf6 Kg8 23. Rxh6 f6 24. Qh5 gxh6 25. Rg1+ Qg7 26. Rxg7+ Kxg7
27. Qg6+ Kh8 28. Qh7# 1-0

[Event "Quebec op U2000"]
[Site "Montreal CAN"]
[Date "2001.07.22"]
[Round "3"]
[White "Gebhardt, David"]
[Black "Lacroix, Serge"]
[Result "0-1"]
[WhiteElo "1851"]
[BlackElo "1981"]
[PlyCount "40"]
[EventDate "2001.07.21"]
[EventType "swiss"]
[EventRounds "9"]
[EventCountry "CAN"]

1. e4 e5 2. Nf3 Nc6 3. Nc3 Nf6 4. d4 exd4 5. Nd5 Nxe4 6. Qe2 f5 7. Ng5 Be7 8.
Nxe4 fxe4 9. Qxe4 O-O 10. Bc4 Kh8 11. O-O d6 12. Re1 Bf5 13. Qe2 Bf6 14. Nxf6
Qxf6 15. a4 Ne5 16. Bb3 Bg4 17. f3 Bxf3 18. gxf3 Nxf3+ 19. Kh1 Nxe1 20. Qxe1
Qf3+ 0-1

[Event "Quebec op U2000"]
[Site "Montreal CAN"]
[Date "2001.07.23"]
[Round "4"]
[White "Lacroix, Serge"]
[Black "Ramaswamy, Kiran"]
[Result "0-1"]
[WhiteElo "1982"]
[BlackElo "1880"]
[PlyCount "108"]
[EventDate "2001.07.21"]
[EventType "swiss"]
[EventRounds "9"]
[EventCountry "CAN"]

1. e4 c5 2. Nf3 Nc6 3. d4 cxd4 4. Nxd4 g6 5. Nc3 Bg7 6. Be3 Nf6 7. Bc4 d6 8. f3
O-O 9. Qd2 Bd7 10. O-O-O Rc8 11. Bb3 Ne5 12. g4 b5 13. g5 b4 14. Nce2 Nxf3 15.
Nxf3 Nxe4 16. Qxb4 Nc5 17. h4 a5 18. Qf4 Bf5 19. Bxc5 Rxc5 20. Rd5 Rxd5 21.
Bxd5 Qb6 22. c3 Rb8 23. Qd2 a4 24. a3 e6 25. Ba2 d5 26. Ned4 Be4 27. Re1 e5 28.
Bxd5 Bxd5 29. Nxe5 Qb7 30. Kb1 Be4+ 31. Rxe4 Qxe4+ 32. Nd3 Bxd4 33. cxd4 Rb3
34. Kc2 Qxd4 35. Qe2 Kg7 36. Qe5+ Qxe5 37. Nxe5 Rh3 38. b4 Rxa3 39. Nd3 Rb3 40.
Kd2 h6 41. Kc2 f6 42. gxf6+ Kxf6 43. Nf4 Kf5 44. Nd5 Kg4 45. Ne7 Kh5 46. Nd5
Kxh4 47. Nc3 Rxb4 48. Kd2 Rb2+ 49. Kc1 Rb3 50. Nd5 g5 51. Nf6 g4 52. Ne4 g3 53.
Nd2 g2 54. Kc2 g1=Q 0-1

[Event "Quebec op U2000"]
[Site "Montreal CAN"]
[Date "2001.07.25"]
[Round "5"]
[White "Lacroix, Serge"]
[Black "Papineau (Granby), Daniel"]
[Result "1-0"]
[WhiteElo "1981"]
[BlackElo "2035"]
[PlyCount "66"]
[EventDate "2001.07.21"]
[EventType "swiss"]
[EventRounds "9"]
[EventCountry "CAN"]

1. e4 d5 2. exd5 Nf6 3. d4 Bg4 4. Be2 Bxe2 5. Qxe2 Qxd5 6. Nf3 Nc6 7. Nc3 Qf5
8. Be3 e6 9. O-O-O O-O-O 10. Qd3 Qa5 11. a3 h6 12. h3 Be7 13. Rhe1 Rd7 14. Nd2
Rhd8 15. Nb3 Qh5 16. Qc4 Nd5 17. Na4 Ne5 18. Qf1 Nxe3 19. fxe3 Nc6 20. Nbc5
Bxc5 21. Nxc5 a6 22. Nxd7 Rxd7 23. Qf3 Qg5 24. Kb1 Na5 25. b3 f6 26. g4 Qb5 27.
Qe2 Qb6 28. Ka2 Qd6 29. e4 b5 30. Qd2 Nb7 31. Qb4 Qxb4 32. axb4 e5 33. dxe5
fxe5 1-0

[Event "Quebec op U2000"]
[Site "Montreal CAN"]
[Date "2001.07.25"]
[Round "6"]
[White "Cardin, Guillaume"]
[Black "Lacroix, Serge"]
[Result "0-1"]
[WhiteElo "1879"]
[BlackElo "1981"]
[PlyCount "66"]
[EventDate "2001.07.21"]
[EventType "swiss"]
[EventRounds "9"]
[EventCountry "CAN"]

1. e4 e5 2. Nf3 Nc6 3. Bc4 Nf6 4. Ng5 d5 5. exd5 Na5 6. Bb5+ c6 7. dxc6 bxc6 8.
Qf3 Rb8 9. Bxc6+ Nxc6 10. Qxc6+ Bd7 11. Qc4 Qe7 12. b3 Rb4 13. Ba3 Rxc4 14.
Bxe7 Rg4 15. Bxf8 Rxg5 16. Ba3 Rxg2 17. Nc3 Bc6 18. O-O-O Rxf2 19. Rhe1 Nd7 20.
d4 f6 21. d5 Ba8 22. Ne4 Rxh2 23. Nd6+ Kf8 24. c4 g6 25. c5 Rxa2 26. Nc4 Rxa3
27. Nxa3 Nxc5 28. Kc2 Ke7 29. Nc4 Rb8 30. Rh1 Bxd5 31. Rxh7+ Ke6 32. Rxa7 Be4+
33. Kd2 Nxb3+ 0-1

[Event "Quebec op U2000"]
[Site "Montreal CAN"]
[Date "2001.07.26"]
[Round "7"]
[White "Lezaic, Jovan"]
[Black "Lacroix, Serge"]
[Result "1/2-1/2"]
[WhiteElo "1983"]
[BlackElo "1981"]
[PlyCount "127"]
[EventDate "2001.07.21"]
[EventType "swiss"]
[EventRounds "9"]
[EventCountry "CAN"]

1. d4 Nf6 2. c4 e6 3. Nc3 Bb4 4. Qc2 c5 5. dxc5 Na6 6. a3 Bxc3+ 7. Qxc3 Nxc5 8.
Qc2 a5 9. Bg5 b6 10. Nf3 Bb7 11. Nd2 h6 12. Bf4 d5 13. Rd1 O-O 14. e3 Qe7 15.
Be2 e5 16. Bg3 d4 17. O-O Rad8 18. exd4 exd4 19. Bf3 Rfe8 20. b4 axb4 21. axb4
d3 22. Qb1 Bxf3 23. Nxf3 Nce4 24. Rxd3 Nxg3 25. fxg3 Rxd3 26. Qxd3 Qxb4 27. h3
Qc5+ 28. Kh2 Qc7 29. Nh4 Rd8 30. Qe3 Qc5 31. Qxc5 bxc5 32. Rf5 Ne4 33. Nf3 Rc8
34. Rd5 f6 35. Nd2 Nc3 36. Rd3 Ne2 37. Rd7 Nd4 38. Ne4 f5 39. Nxc5 Rxc5 40.
Rxd4 Kf7 41. Kg1 Ke6 42. Kf2 Ke5 43. Ke3 g5 44. h4 Ra5 45. Rd3 Ra2 46. Rd5+ Ke6
47. Rd2 Ra3+ 48. Rd3 Ra2 49. hxg5 hxg5 50. Kf3 Rc2 51. Rd4 Rc3+ 52. Kf2 Ke5 53.
Rd5+ Ke4 54. Rc5 Rc2+ 55. Kg1 g4 56. Rc8 Kd4 57. Rf8 Ke4 58. Re8+ Kd4 59. Rd8+
Ke4 60. Rc8 Rc1+ 61. Kf2 Rc2+ 62. Kf1 Rc1+ 63. Kf2 Rc2+ 64. Kf1 1/2-1/2